Samotne wyprawy /
Đã lưu trong:
| Tác giả chính: | |
|---|---|
| Tác giả của công ty: | |
| Định dạng: | Sách |
| Ngôn ngữ: | Tiếng Ba Lan |
| Được phát hành: |
Warszawa :
Edipresse Polska,
copyright 2018.
|
| Loạt: | Książki (Edipresse Polska)
|
| Những chủ đề: | |
| Các nhãn: |
Không có thẻ, Là người đầu tiên thẻ bản ghi này!
|
MARC
| LEADER | 00000nam#a2200000#i#4500 | ||
|---|---|---|---|
| 001 | 9910858233905606 | ||
| 005 | 20260515100513.0 | ||
| 008 | 181001s2018####pl###########|000#0#pol#c | ||
| 009 | b0000030141774 | ||
| 020 | |a 9788381175272 | ||
| 035 | |a (MARC 21)(PL)b0000030141774-48omnis_rpl | ||
| 035 | |a wbpkbg233013 | ||
| 035 | |a (PL)b0000030141774 | ||
| 040 | |a KIEL W |c KIEL W |d ZDU_1 | ||
| 046 | |k 2018 | ||
| 080 | |a 910.4 | ||
| 080 | |a 929-051(438)"20"A/Z | ||
| 100 | 1 | |a Pawlikowska, Beata |d (1965- ) |e Autor | |
| 245 | 1 | 0 | |a Samotne wyprawy / |c Beata Pawlikowska. |
| 260 | |a Warszawa : |b Edipresse Polska, |c copyright 2018. | ||
| 300 | |a 537, [7] stron, [32] strony tablic : |b ilustracje ; |c 22 cm. | ||
| 336 | |a Tekst |b txt |2 rdacontent | ||
| 337 | |a Bez urządzenia pośredniczącego |b n |2 rdamedia | ||
| 338 | |a Wolumin |b nc |2 rdacarrier | ||
| 380 | |a Książki | ||
| 380 | |a Literatura faktu, eseje, publicystyka | ||
| 380 | |a Poradniki i przewodniki | ||
| 386 | |m Przynależność kulturowa |a Literatura polska | ||
| 388 | 1 | |a 2001- | |
| 490 | 1 | |a Edipresse Książki | |
| 600 | 1 | 7 | |a Pawlikowska, Beata |d (1965- ) |2 DBN |
| 650 | 7 | |a Podróżnictwo |2 DBN | |
| 650 | 7 | |a Podróżnicy i podróżniczki |2 DBN | |
| 655 | 7 | |a Pamiętniki i wspomnienia |2 DBN | |
| 655 | 7 | |a Poradnik |2 DBN | |
| 658 | |a Podróże i turystyka | ||
| 710 | 2 | |a Edipresse Polska |e Wydawca | |
| 830 | 0 | |a Książki (Edipresse Polska) | |
| 942 | |2 ddc |c BK |n 0 | ||
| 952 | |0 0 |1 0 |2 ddc |4 0 |6 W__19_000000000000000 |7 0 |9 16 |a WRO |b WRO |d 2026-04-10 |e da |g 10.00 |i WRO-019 |l 0 |o W.19 |p 2000100000199 |r 2026-04-10 23:37:00 |v 10.00 |w 2026-04-10 |y BK | ||
| 999 | |c 16 |d 16 | ||